000 00514nam a2200157 i 4500
001 bg
245 0 _aWytyczne technologiczne produkcji i odbioru płytek ocieplających z modyfikowanego styropopiołobetonu ;
_cCentralny Ośrodek Badawczo-Rozwojowy Przemysłu Betonów "CEBET".
260 _aWarszawa :
_bCOBRPB "CEBET",
_c1991.
650 9 _astyropopiołobeton
650 9 _apłytki
650 9 _aIzolacje cieplne
040 _cBPK
041 _apl
942 _cKA
008 s pl f |000 0 pol
999 _c10077
_d10077
856 _uhttp://koha.tu.koszalin.pl/cgi-bin/koha/opac-detail.pl?biblionumber=10077
_yKatalog online BPK